The Drug In Me Is You - Falling In Reverse All Lyrics - Statistics

General Stats
  • This quiz has been taken 67 times
  • The average score is 241 of 346
Answer Stats
% Correct
I
100%
a
95%
in
95%
the
95%
my
93%
face
88%
heard
88%
it
88%
me
88%
you
88%
day
85%
door
85%
drug
85%
knock
85%
staring
85%
to
85%
can't
83%
is
83%
other
83%
go
80%
I'm
80%
see
80%
upon
80%
and
78%
every
78%
find
78%
no
78%
of
78%
so
78%
this
78%
be
75%
everywhere
75%
high
75%
just
75%
lost
75%
mind
75%
on
75%
opened
75%
time
75%
case
73%
coffin
73%
death
73%
all
70%
consume
70%
down
70%
I've
70%
trying
70%
actually
68%
believe
68%
don't
68%
meant
68%
misery
68%
mortal
68%
still
68%
drag
65%
feel
65%
here
65%
house
65%
dark
63%
fucking
63%
happens
63%
that
63%
goddamn
60%
haunts
60%
hundred
60%
now
60%
old
60%
reverberates
60%
year
60%
fail
58%
spine
58%
crooked
55%
dice
55%
feet
55%
kind
55%
with
55%
darkness
53%
praying
53%
running
53%
pull
50%
we
50%
as
48%
doubt
48%
from
48%
head
48%
if
48%
keep
48%
like
48%
past
48%
shivers
48%
then
48%
are
45%
eyes
45%
goodbye
45%
myself
45%
roll
45%
there's
45%
your
45%
but
43%
'cause
43%
hand
43%
long
43%
shook
43%
single
43%
snake
43%
tried
43%
alive
40%
die
40%
got
40%
lies
40%
live
40%
living
40%
many
40%
overdrive
40%
questions
40%
sends
40%
stalking
40%
things
40%
through
40%
what's
40%
won't
40%
work
40%
adrenaline
38%
always
38%
body's
38%
born
38%
felt
38%
help
38%
into
38%
kicks
38%
point
38%
thoughts
38%
trembling
38%
wrestle
38%
contradicts
35%
life
35%
shifts
35%
these
35%
understand
35%
would
35%
reach
33%
save
33%
secrets
33%
sick
23%
No matching quizzes found
Score Distribution
Percent of People with Each Score
Percentile by Number Answered
Your Score History
You have not taken this quiz